| 000 | 00647pam a2200193 a 4500 | ||
|---|---|---|---|
| 020 | _a0070331839 | ||
| 082 | 0 | 0 |
_a658.562 _bJUR _cL-37, P-86 |
| 100 | 1 |
_aJuran, J. M. _944741 |
|
| 245 | 1 | 0 |
_aQuality planning and analysis : _bfrom product development through use / _cJ.M. Juran, Frank M. Gryna. |
| 250 | _a3rd ed. | ||
| 260 |
_aNew York : _bMcGraw-Hill, _cc1993. |
||
| 300 |
_axxi, 634 p. : _bill. ; _c25 cm. |
||
| 500 | _a"Third edition prepared by Frank M. Gryna." | ||
| 526 |
_a0 _b0 _c0 _d658_562000000000000_JUR |
||
| 650 | 0 |
_aQuality assurance. _9871 |
|
| 650 | 0 |
_aQuality control. _9869 |
|
| 700 | 1 |
_aGryna, Frank M. _944742 |
|
| 942 |
_2ddc _cBK |
||
| 999 |
_c548446 _d548446 |
||